000
00302nam a22001337a 4500
008
170925b xxu||||| |||| 00| 0 eng d
020
_a
2900132085167
041
_a
eng
080
_2
2ND
_a
37
100
_a
46
101
_a
EDU
245
_a
LEARNING TO PROGRAM WITH ALICE
_c
DANN,W.P
942
_2
udc
_c
BK
999
_c
29528
_d
29528